Statistiques concernant Culture Générale - Série 1621

Cliquez ici pour prendre le quiz!

Statistiques générales

  • Ce quiz a été pris 78 fois
  • Le résultat moyen est 5 sur 10

Statistiques - réponses

QuestionRéponse% Correct
Dans quel pays se trouvent les aéroports internationaux de Tozeur-Nefta et Djerba-Zarzis ?Tunisie
85%
Quel mot désigne à la fois une unité de temps et l'écrit original d'un jugement ou d'un acte notarié ?minute
60%
Dans quel département français se trouvent les villes de Cholet et Angers ?Maine-et-Loire
56%
Dès les années 1950, avec quel autre acteur Jean-Marc Thibault forme-t-il un duo comique ?Roger Pierre
53%
En 1842, à quel compositeur doit-on une "Polonaise" dite "héroïque" ?Frédéric Chopin
51%
Dans la gastronomie de quel pays peut-on déguster des beignets appelés tempura ?Japon
46%
A quel chanteur doit-on le tube "Aimons-nous vivants" en 1989 ?François Valéry
38%
Dans la Bible, comment se prénomme la femme d'Abraham, mère d'Isaac ?Sarah
38%
Quel anglicisme composé désigne l'augmentation de la proportion de personnes âgées dans la population ?papy-boom
29%
Qui est le chanteur du groupe nommé : "Radio Bemba Sound System" ?Manu Chao
9%

Distribution des résultats

Percentile par nombre de réponses

% des personnes avec chaque résultat

Votre développement - résultats

Vous n’avez pas pris ce quiz